000 00670nam a2200193 i 4500
001 184480
003 ES-MaACL
005 20230906222216.0
008 150910s1873 gw |||| | eng d
100 0 _aEdwards, Amelia Blandford.
_946662
245 1 0 _aUntrodden peaks and unfrequented valleys
_b: a Midsummer ramble in the Dolomites /
_cby Amelia B. Edwards.
260 _aLeipzig :
_bBernhard Tauchnitz,
_c1873.
300 _a302 p. ;
_c16 cm.
490 1 _aCollection of British Authors ;
_v1345
651 4 _aDolomitas-
_xDescripción.
_9157426
830 0 _aCollection of British Authors ;
_v1345
_9180703
852 _aES-MaACL
_jG-11547
999 _c184480
_d184480